Optimalizácia reálnej rektifikačnej kolóny

Salvato in:
Dettagli Bibliografici
Autore principale: Pomothy, Milan (Autore)
Altri autori: Graczová, Elena (Relatore della tesi)
Natura: Manoscritto Libro
Lingua:slovacco
Pubblicazione: 2015
Soggetti:
Accesso online:http://is.stuba.sk/zp/portal_zp.pl?podrobnosti=101637
Tags: Aggiungi Tag
Nessun Tag, puoi essere il primo ad aggiungerne!!

MARC

LEADER 00000ntm a22000003a 4500
001 stuzp53188
003 SK-STU
005 20160719154415.9
007 ta
008 150427s2015----xo-----f-mn---000-0-slo-d
040 |a STU  |b slo 
041 0 |a slo 
100 1 |a Pomothy, Milan  |u 046230  |4 aut  |U FCHPT Ústav chemického a environmentálneho inžinierstva  |T FCHPT Oddelenie chemického a biochemického inžinierstva  |X 61069  |U C6230  |Y 119  |7 61069 
242 0 1 |a Optimization of Real Distillation Equipment  |y eng 
245 1 0 |a Optimalizácia reálnej rektifikačnej kolóny 
260 |c 2015 
650 4 |a destilácia  |2 slo 
650 4 |a pálenica  |2 slo 
650 4 |a náklady  |2 slo 
650 4 |a analýza  |2 slo 
650 4 |a distillery  |2 eng 
650 4 |a analysis  |2 eng 
650 4 |a costs  |2 eng 
650 4 |a distillation  |2 eng 
700 1 |a Graczová, Elena  |4 ths  |X 3339  |7 A000003339 
856 4 |u http://is.stuba.sk/zp/portal_zp.pl?podrobnosti=101637 
SQL |a stuzp53188  |b DBP  |c SLO  |d Optimalizácia reálnej rektifikačnej kolóny  |e 61069  |f Pomothy, Milan  |g 046230  |h 3339  |i Graczová, Elena  |j 20150714  |k 106  |l 04  |m http://is.stuba.sk/zp/portal_zp.pl?podrobnosti=101637  |n B-CHI  |o 5.2.17. chemické inžinierstvo